| 000 | 00526nam a22001697a 4500 | ||
|---|---|---|---|
| 005 | 20251108170100.0 | ||
| 008 | 250721s9999 xx 000 0 ara d | ||
| 082 | 1 | 4 | _aط/ق/ديب |
| 100 | 1 | _aخباص، ديب | |
| 245 | 1 | 0 | _aالغريب و الأرض / |
| 264 | 1 |
_aالكويت : _bشركة كاظمه للنشر و الترجمة و التوزيع، _c[19-]. |
|
| 300 | _a15ص : مص بالألوان | ||
| 650 | 1 | 7 | _aأدب الأطفال |
| 650 | 1 | 7 | _aالقصص العربية |
| 942 |
_2ddc _cBK |
||
| 999 |
_c39292 _d39292 |
||